[Event "Wch U16 Girls blitz"]
[Site "Batumi"]
[Date "2023.06.11"]
[Round "11"]
[White "Gvatua, Mariam"]
[Black "Nkhwashu, Geraldine"]
[Result "1-0"]
[WhiteElo "1435"]
[BlackElo "1255"]
[PlyCount "59"]
[EventDate "2023.06.10"]
[EventType "swiss (blitz)"]
[EventRounds "11"]
[EventCountry "GEO"]
[SourceTitle "EXT 2024"]
[Source "ChessBase"]
[SourceDate "2023.10.10"]
[SourceVersion "1"]
[SourceVersionDate "2023.10.10"]
[SourceQuality "1"]
[WhiteTeam "Georgia"]
[BlackTeam "South Africa"]
[WhiteTeamCountry "GEO"]
[BlackTeamCountry "RSA"]

1. a3 e5 2. b4 d5 3. Bb2 f6 4. h3 Bf5 5. g4 Bg6 6. Bg2 Nd7 7. d3 Nb6 8. Nd2 Qd7 9. e3 0-0-0 10. Ne2 Nh6 11. Nb3 e4 12. Nf4 exd3 13. cxd3 Bf7 14. Bd4 Bd6 15. 0-0 Bxf4 16. exf4 Qd6 17. Be3 Rhe8 18. Rc1 Re7 19. Bc5 Qd7 20. Bxe7 Qxe7 21. Re1 Qd6 22. Qd2 d4 23. Nc5 c6 24. f5 Nd5 25. Ne6 Bxe6 26. Rxe6 Qf4 27. Qe1 Kd7 28. Bxd5 cxd5 29. Re7+ Kd6 30. Qe6# 1-0

[Event "Wch U16 Girls blitz"]
[Site "Batumi"]
[Date "2023.06.11"]
[Round "10"]
[White "Nkhwashu, Geraldine"]
[Black "Dorashava, Viktoryia"]
[Result "0-1"]
[WhiteElo "1255"]
[BlackElo "1684"]
[PlyCount "60"]
[EventDate "2023.06.10"]
[EventType "swiss (blitz)"]
[EventRounds "11"]
[EventCountry "GEO"]
[SourceTitle "EXT 2024"]
[Source "ChessBase"]
[SourceDate "2023.10.10"]
[SourceVersion "1"]
[SourceVersionDate "2023.10.10"]
[SourceQuality "1"]
[WhiteTeam "South Africa"]
[BlackTeam "FIDE"]
[WhiteTeamCountry "RSA"]

1. Nf3 d5 2. d4 Nc6 3. Nc3 Bf5 4. a3 e6 5. Bf4 Bd6 6. Bxd6 cxd6 7. e3 Nf6 8. Bd3 Bg6 9. 0-0 0-0 10. Re1 e5 11. Bxg6 hxg6 12. dxe5 dxe5 13. Qd2 Qd7 14. Rad1 Rad8 15. Re2 a6 16. Qe1 Qc7 17. Red2 Ne7 18. Qe2 b5 19. Ne1 Rd7 20. Nd3 Rfd8 21. Nb4 Qb6 22. Qf3 e4 23. Qe2 a5 24. Nba2 Rb7 25. Nc1 b4 26. axb4 Qxb4 27. Qa6 Qxb2 28. N1e2 Rdb8 29. Nxd5 Nexd5 30. Rxd5 Nxd5 0-1

[Event "Wch U16 Girls blitz"]
[Site "Batumi"]
[Date "2023.06.10"]
[Round "3"]
[White "Nkhwashu, Geraldine"]
[Black "Hayrapetyan, Nvard"]
[Result "0-1"]
[WhiteElo "1255"]
[BlackElo "1624"]
[PlyCount "138"]
[EventDate "2023.06.10"]
[EventType "swiss (blitz)"]
[EventRounds "11"]
[EventCountry "GEO"]
[SourceTitle "EXT 2024"]
[Source "ChessBase"]
[SourceDate "2023.10.10"]
[SourceVersion "1"]
[SourceVersionDate "2023.10.10"]
[SourceQuality "1"]
[WhiteTeam "South Africa"]
[BlackTeam "Armenia"]
[WhiteTeamCountry "RSA"]
[BlackTeamCountry "ARM"]

1. Nf3 d5 2. d4 Nf6 3. Bf4 Bf5 4. e3 h6 5. Nbd2 c5 6. c4 e6 7. h3 Nc6 8. Be2 cxd4 9. Nxd4 Nxd4 10. exd4 Qb6 11. Nb3 Bb4+ 12. Bd2 Ne4 13. c5 Bxd2+ 14. Qxd2 Qc7 15. Qa5 Qxa5+ 16. Nxa5 b6 17. Bb5+ Kf8 18. cxb6 axb6 19. Nb3 Ke7 20. Bd3 Nxf2 21. Bxf5 Nxh1 22. Kd2 Ng3 23. Bd3 g5 24. a3 f5 25. Rc1 Rac8 26. Re1 Kf6 27. Nc1 Rhe8 28. Ne2 Nxe2 29. Rxe2 e5 30. dxe5+ Rxe5 31. Rf2 Rce8 32. Rf3 h5 33. Bb5 R8e7 34. a4 g4 35. hxg4 hxg4 36. Rf2 Kg5 37. g3 Ra7 38. b3 Rh7 39. Rg2 Re6 40. Bd3 Reh6 41. Rf2 Rh2 42. Rxh2 Rxh2+ 43. Kc3 f4 44. gxf4+ Kxf4 45. Kd4 Rf2 46. Kxd5 Rd2 47. Kc4 g3 48. Kc3 Rxd3+ 49. Kxd3 g2 50. Ke2 g1Q 51. b4 Qe3+ 52. Kd1 Qb3+ 53. Kd2 Qxa4 54. Kc3 b5 55. Kd4 Qxb4+ 56. Kd5 Qc4+ 57. Kd6 b4 58. Kd7 Qc5 59. Ke6 Qe5+ 60. Kd7 Qf6 61. Kc7 Qe6 62. Kb7 Qd6 63. Ka7 Qc6 64. Kb8 Qd7 65. Ka8 Ke5 66. Kb8 b3 67. Ka8 b2 68. Kb8 b1R+ 69. Ka8 Qd8+ 0-1

[Event "Wch U16 Girls rapid"]
[Site "Batumi"]
[Date "2023.06.08"]
[Round "10"]
[White "Nkhwashu, Geraldine"]
[Black "Volchkova, Alena"]
[Result "1/2-1/2"]
[WhiteElo "1255"]
[BlackElo "1847"]
[PlyCount "153"]
[EventDate "2023.06.06"]
[EventType "swiss (rapid)"]
[EventRounds "11"]
[EventCountry "GEO"]
[SourceTitle "EXT 2024"]
[Source "ChessBase"]
[SourceDate "2023.10.10"]
[SourceVersion "1"]
[SourceVersionDate "2023.10.10"]
[SourceQuality "1"]
[WhiteTeam "South Africa"]
[BlackTeam "FIDE"]
[WhiteTeamCountry "RSA"]

1. Nf3 Nf6 2. d4 e6 3. c4 Bb4+ 4. Nc3 0-0 5. Bd2 c5 6. a3 Bxc3 7. Bxc3 Ne4 8. Qc2 Nxc3 9. Qxc3 cxd4 10. Qxd4 Nc6 11. Qc3 b6 12. e3 Bb7 13. 0-0-0 Rc8 14. Kb1 Qe7 15. Be2 Na5 16. Qd4 d5 17. Nd2 Rfd8 18. Qg4 Qf6 19. f3 Ba6 20. Rhe1 dxc4 21. Ne4 Qe7 22. Rxd8+ Rxd8 23. Rd1 Rxd1+ 24. Bxd1 f5 25. Qg5 Qxg5 26. Nxg5 Bc8 27. f4 h6 28. Nf3 Nc6 29. Be2 Ba6 30. Nd2 b5 31. a4 bxa4 32. Bxc4 Bxc4 33. Nxc4 Kf7 34. Ka2 g5 35. g3 g4 36. Ka3 Ke7 37. Kxa4 a6 38. b4 Kf6 39. b5 axb5+ 40. Kxb5 Ne7 41. Kc5 Nd5 42. Kd4 Nb4 43. e4 Nc2+ 44. Kd3 Ne1+ 45. Ke2 Nf3 46. e5+ Ke7 47. Nd2 Nd4+ 48. Kf2 Kd7 49. Kg2 Kc6 50. h3 h5 51. hxg4 hxg4 52. Kf2 Kd5 53. Ke3 Nc2+ 54. Ke2 Kd4 55. Nb3+ Kc4 56. Nd2+ Kc3 57. Nb1+ Kd4 58. Nd2 Nb4 59. Nb3+ Kc4 60. Nd2+ Kd5 61. Nb1 Kd4 62. Nd2 Na6 63. Nb3+ Kc4 64. Nd2+ Kd5 65. Kd3 Nc5+ 66. Ke3 Na4 67. Nb1 Kc4 68. Nd2+ Kc3 69. Ne4+ fxe4 70. Kxe4 Nc5+ 71. Ke3 Kc4 72. f5 Kd5 73. Kf4 Nd3+ 74. Kxg4 Nxe5+ 75. Kf4 Nd3+ 76. Ke3 exf5 77. Kxd3 1/2-1/2

[Event "Wch U16 Girls rapid"]
[Site "Batumi"]
[Date "2023.06.07"]
[Round "7"]
[White "Kosak, Karolina"]
[Black "Nkhwashu, Geraldine"]
[Result "1-0"]
[WhiteElo "1365"]
[BlackElo "1255"]
[PlyCount "74"]
[EventDate "2023.06.06"]
[EventType "swiss (rapid)"]
[EventRounds "11"]
[EventCountry "GEO"]
[SourceTitle "EXT 2024"]
[Source "ChessBase"]
[SourceDate "2023.10.10"]
[SourceVersion "1"]
[SourceVersionDate "2023.10.10"]
[SourceQuality "1"]
[WhiteTeam "Slovenia"]
[BlackTeam "South Africa"]
[WhiteTeamCountry "SLO"]
[BlackTeamCountry "RSA"]

1. e4 c6 2. d4 d5 3. exd5 cxd5 4. Bd3 Nc6 5. c3 Nf6 6. Bf4 Bg4 7. Qb3 Qb6 8. Nd2 e6 9. Ngf3 Be7 10. 0-0 0-0 11. Ne5 Nxe5 12. dxe5 Nd7 13. Rfe1 Bc5 14. Be3 Nxe5 15. Bxc5 Qxb3 16. Bxh7+ Kxh7 17. axb3 Nd3 18. Bxf8 Nxe1 19. Bc5 Nd3 20. Rxa7 Rxa7 21. Bxa7 Nxb2 22. Kf1 b5 23. f3 Bf5 24. Ke2 g5 25. g4 Bc2 26. Bd4 Nd3 27. Ke3 f5 28. gxf5 exf5 29. Ba7 Nc1 30. b4 Bd3 31. Kd4 Bc4 32. Nxc4 dxc4 33. Kc5 Ne2 34. Kxb5 Nxc3+ 35. Kxc4 Ne2 36. b5 Nf4 37. b6 Ng6 1-0